| 000 | 00404nam a2200181Ia 4500 | ||
|---|---|---|---|
| 005 | 20250423100459.0 | ||
| 008 | 250422s9999 xx 000 0 und d | ||
| 020 | _a9780132994347 | ||
| 050 | _aHG 179 .M252/ | ||
| 100 | _aMadura, Jeff. | ||
| 245 | 0 | _aPersonal finance | |
| 260 | _aBoston | ||
| 260 | _bPearson | ||
| 260 | _c2014 | ||
| 300 | _a653 p | ||
| 650 | _aFinance, Personal. | ||
| 942 | _cBK | ||
| 999 |
_c33439 _d33439 |
||